Breaking Free - High School Musical - Statistics

General Stats
  • This quiz has been taken 85 times
  • The average score is 200 of 266
Answer Stats
Breaking Free % Correct
the
98%
in
97%
In
97%
a
95%
can
95%
Troy Can
95%
not
95%
Gabriella Not
95%
theres
95%
Both There's
95%
we
95%
Both We
95%
Gabriella | Troy We're
95%
we're
95%
breakin'
93%
flyin'
93%
Troy Flyin'
93%
free
93%
So
93%
That
93%
that
93%
star
92%
can't
90%
know
90%
Troy You
90%
you
90%
heaven
88%
see
88%
trying
88%
us
88%
soarin'
86%
Gabriella Soarin'
86%
who
86%
breaking
85%
Gabriella Breaking
85%
Gabriella | Troy If
85%
reach
85%
world
83%
be
81%
Both | Troy Yeah
75%
yeah
75%
Troy Oh
73%
than
73%
way
73%
to
71%
To
71%
are
69%
between
68%
different
68%
feel
68%
Troy More
64%
it
63%
me
63%
that's
63%
Gabriella Creating
61%
space
61%
is
59%
'Til
56%
ocean
54%
believe
53%
by
53%
very
53%
Troy Very
53%
Both But
51%
but
51%
feeling
51%
Gabriella This
51%
everyone
49%
hearts
49%
place
49%
time
49%
wave
49%
your
49%
comin'
47%
control
47%
get
47%
just
47%
Like
47%
Gabriella Connected
46%
faith
46%
all
44%
And
44%
building
42%
gives
42%
together
42%
Troy Climbin'
41%
climbin'
41%
our
41%
strength
41%
Strength
41%
hope
39%
runnin'
39%
up
39%
Troy Now's
37%
separate
37%
true
36%
of
34%
Both Both
32%
Both Rising
32%
souls
32%
fate
29%
need
29%
want
29%
lifts
27%
'till
20%
Both | Gabriella | Troy Ohhh
8%
ohhh
8%
No matching quizzes found
Score Distribution
Percent of People with Each Score
Percentile by Number Answered
Your Score History
You have not taken this quiz